|
|
|
|
| LEADER |
00000nas a2200000 a 4500 |
| 001 |
vtls012268688 |
| 003 |
SK-MaSNL |
| 005 |
20260228155841.0 |
| 008 |
241217d18841898hu mr p 0 0hun |
| 015 |
|
|
|a SNBHFB
|
| 040 |
|
|
|a SNKHF
|b slo
|c SNKHF
|e rda
|
| 041 |
0 |
|
|a hun
|
| 044 |
|
|
|a hu
|c HU
|
| 072 |
|
7 |
|a 82
|x Literatúra. Literárny život
|2 konspekt
|
| 072 |
|
7 |
|a 316
|x Sociológia
|2 konspekt
|
| 080 |
|
|
|a 82
|2 2011
|
| 080 |
|
|
|a 316.728
|2 2011
|
| 080 |
|
|
|a (051)-048.55
|2 2011
|
| 245 |
0 |
0 |
|a Magyar szalon
|b képes havi folyóirat
|
| 264 |
|
3 |
|a Budapest
|b Pallas részvénytátsaság nyomdája
|c 1886,1888
|
| 264 |
2 |
1 |
|3 1892-1893
|a Budapest
|b Keglevich István
|
| 300 |
|
|
|c 25-30 cm
|
| 310 |
|
|
|a 1x mesačne
|
| 336 |
|
|
|a text
|b txt
|2 rdacontent
|
| 337 |
|
|
|a bez média
|b n
|2 rdamedia
|
| 338 |
|
|
|a zväzok
|b nc
|2 rdacarrier
|
| 362 |
0 |
|
|a [1.1884 - 28.1897/98?]
|z ZDB/2024
|
| 500 |
|
|
|a Rok 1892-1893 výška formátu 30 cm
|
| 500 |
|
|
|a Editor: 1886,1888, Fekete József ; Hevesi József
|
| 500 |
|
|
|a Editor: 1892-1893, Fekete József
|
| 500 |
|
|
|a V stlpcoch tlačená text
|
| 504 |
|
|
|a rok 1886, 1888 obsahujú register
|
| 561 |
|
|
|a Proveniencia: oválna pečiatka Gróf Zay Könyvtár.
|5 SNK ČB 305/1886 D1
|
| 588 |
|
|
|a Popis podľa: V. Kötet (1886)
|
| 650 |
0 |
7 |
|a literatúra
|2 SNKPH
|9 1427
|
| 650 |
0 |
7 |
|a spoločenský život
|2 SNKPH
|9 28654
|
| 655 |
|
7 |
|a špecializované časopisy
|2 SNKPH
|9 70509
|
| 700 |
1 |
|
|a Fekete József
|4 edt
|9 265456
|
| 700 |
1 |
|
|a Hevesi József
|4 edt
|9 265457
|
| 710 |
2 |
|
|a Pallas (Budapešť, Maďarsko)
|4 prt
|9 265458
|
| 752 |
|
|
|a Maďarsko
|d Budapešť
|
| 852 |
|
|
|a snk
|b Zaiova knižnica: Zay 17415
|p ČB 305/1886 D1
|
| 852 |
|
|
|a snk
|b Zaiova knižnica: Zay 17416
|p ČB 305/1888 D1
|
| 852 |
|
|
|a snk
|b Zaiova knižnica: Zay 17417
|p ČB 305/1892/1893 D1
|
| 852 |
|
|
|a snk
|b Zaiova knižnica: Zay 17418
|p ČB 305/1893/1894 D1
|
| 958 |
|
|
|a DF
|
| 999 |
|
|
|c 738
|d 738
|
| 952 |
|
|
|0 0
|1 0
|4 0
|7 0
|8 5
|a SNK
|b SNK
|c SNK_HF
|d 2024-12-17
|i snk2024/18684
|l 0
|o snkČB 305/1886 D1
|p 17A1488337
|r 2026-02-21 22:33:23
|t Zay 17415
|w 2026-02-21
|y PREZ
|
| 952 |
|
|
|0 0
|1 0
|4 0
|7 0
|8 5
|a SNK
|b SNK
|c SNK_HF
|d 2024-12-17
|i snk2024/18685
|l 0
|o snkČB 305/1888 D1
|p 17A1488338
|r 2026-02-21 22:33:23
|t Zay 17416
|w 2026-02-21
|y PREZ
|
| 952 |
|
|
|0 0
|1 0
|4 0
|7 0
|8 5
|a SNK
|b SNK
|c SNK_HF
|d 2024-12-17
|i snk2024/18686
|l 0
|o snkČB 305/1892/1893 D1
|p 17A1488339
|r 2026-02-21 22:33:24
|t Zay 17417
|w 2026-02-21
|y PREZ
|
| 952 |
|
|
|0 0
|1 0
|4 0
|7 0
|8 5
|a SNK
|b SNK
|c SNK_HF
|d 2024-12-17
|i snk2024/18688
|l 0
|o snkČB 305/1893/1894 D1
|p 17A1488340
|r 2026-02-21 22:33:24
|t Zay 17418
|w 2026-02-21
|y PREZ
|